000 00494nam a2200181Ia 4500
005 20250508153159.0
008 008 250505s9999 xx 000 0 eng d
037 _aTextual
040 _aFEDL
_beng
_cFEDL
041 _aeng
_2eng
084 _a378.13, MAR
_qFEDL
100 _aMaranon Joaquin
_9763346
245 0 _aGraduate and faculty studies : Centro escolar university
260 _c1962
300 _a175p.
942 _cTEXL
_h378.13, MAR
999 _c1341089
_d1341089